LEADER 01529nam a2200325 a 4500 001 000000133987 003 CaOOAMICUS 005 20130523115445.0 008 130523s2010 ne u000 u eng r 020 $z9789004181915* 040 $aPUL$bita 082 04$a180 100 1 $aMartijn, Marije.$0(OLS)http://pul/name/86345 245 10$aProclus on nature :$bphilosophy of nature and its methods in Proclus' Commentary on Plato's Timaeus /$cby Marije Martijn. 260 $aLeiden ;$aBoston :$bBrill,$c2010. 300 $aVIII, 360 p. ;$c25 cm 490 1 $aPhilosophia antiqua ;$v121 504 $aContiene indicazioni bibliografiche (p. [303]-320) e indice. 600 04$aPlato,$d427-347 a.C.$tTimaeus.$0(OLS)http://pul/subject/33450 600 04$aProclus Atheniensis,$d410-c. 485$xCritica e interpretazione.$0(OLS)http://pul/subject/11597 650 4$aFilosofia della natura.$0(OLS)http://pul/subject/8566 830 0$aPhilosophia antiqua ;$v121.$0(OLS)http://pul/title/2231 850 $aPUL 852 $aPUL$W1$xSL Filosofia 3$y81$m180 COLL 3.121$j154057$qDDC 21$B153608$CPULBib$Z2$F153608 $H122463 $82 941 1 $a9 996 $6020$z9789004181915*$9(OLS)http://pul/number/152765 996 $6082$a180$9(OLS)http://pul/classification/366 996 $6245$aProclus on nature :$bphilosophy of nature and its methods in Proclus' Commentary on Plato's Timaeus$9(OLS)http://pul/title/169386 996 $6260$aLeiden ;$aBoston :$bBrill$9(OLS)http://pul/publisher/68781 LEADER 01948nam a2200409 i 4500 001 000000177303 003 CaOOAMICUS 005 20240924170438.0 007 tu 008 240924s2018 it 000 u spa r 020 $a978-607-7837-32-9* 040 $aPUL$bita$erda 082 0 $a234.5 100 1 $aDíaz Moreno, José Luis,$eautore.$0(OLS)http://pul/name/114027 245 10$aCelebremos el sacramento del perdón :$bpastoral - derecho canónico - teología moral /$cJosé Luis Díaz Moreno, Umberto Mauro Marsich, Mario Medina Balam. 250 $aPrimera edición. 264 1$aMéxico :$bUniversidad Pontificia de México,$c2018. 300 $a309 pagine ;$c23 cm 336 $atesto$btxt$2rdacontent 337 $asenza mediazione$bn$2rdamedia 338 $avolume$bnc$2rdacarrier 490 1 $aColección canónica mexicana ; 504 $aBibliografia: pagine p. [305]-309. 650 4$aPerdono.$0(OLS)http://pul/subject/20240 650 4$aEtica cristiana.$0(OLS)http://pul/subject/1395 700 1 $aMarsich, Humberto Mauro,$eautore.$0(OLS)http://pul/name/114028 700 1 $aMedina Balam, Mario,$csacerdote,$d1963-,$eautore.$0(OLS)http://pul/name/109451 710 0 $aUniversidad Pontificia de México$eeditore.$0(OLS)http://pul/name/114017 830 0$aColección canónica mexicana (Universidad Pontificia de México).$0(OLS)http://pul/title/218797 850 $aPUL 852 $aPUL$W1$xDP1 Tesi Varie$y51$m2018 C 13$j191977$qTesi$B206257$CPULBib$Z2$F206257 $H137422 $82 941 1 $a16 996 $6020$a978-607-7837-32-9*$9(OLS)http://pul/number/170019 996 $6082$a234.5$9(OLS)http://pul/classification/2118 996 $6245$aCelebremos el sacramento del perdón :$bpastoral - derecho canónico - teología moral$9(OLS)http://pul/title/218808 996 $6264$aMéxico :$bUniversidad Pontificia de México$9(OLS)http://pul/publisher/86980